00784nam a2200253 a 4500001001300000003000900013005001700022008004100039020002300080082001600103100002300119245005000142260004500192300000900237500003500246505003300281650001300314650002900327700002300356902000800379942000700387952011900394999001700513nice12345678IN_TiNIC20260116015000.0050524s1991 newa grp 000 0 eng  a0820493 c10000a230.09bPER aPersaud, Winston D aTheology of the Cross and Marx`s Anthropology aNew YorkbPeter Lang Publications c1991 a295p aincludes index and biblioraphy2 aNotes, Selected Bibliography aTheology aChristianity and Marxism1 aPersaud, Winston D bSRS cBK 001040708StackRoom-aHMIbHMId2007-06-13g100.00l0o230.09 PERp11000480r2007-06-13v100.00w2005-05-24yBK c17823d17823